Fr. Conceicao Rodrigues College of Engineering

Microelectronics (Record no. 28075)

MARC details
000 -LEADER
fixed length control field 00338nam a2200145Ia 4500
082 ## - DEWEY DECIMAL CLASSIFICATION NUMBER
Classification number 621.3817
Item number ALL/AT
100 ## - MAIN ENTRY--PERSONAL NAME
Personal name Alley/C.L&Atwook/K.W
245 ## - TITLE STATEMENT
Title Microelectronics
260 ## - PUBLICATION, DISTRIBUTION, ETC.
Name of publisher, distributor, etc. Prentice Hall of International
Place of publication, distribution, etc. New Jersey
Date of publication, distribution, etc. 1986
300 ## - PHYSICAL DESCRIPTION
Extent 542
546 ## - LANGUAGE NOTE
Language note ENGLISH
654 ## - SUBJECT ADDED ENTRY--FACETED TOPICAL TERMS
Focus term microelectronics
942 ## - ADDED ENTRY ELEMENTS (KOHA)
Koha item type Reference Book
Holdings
Withdrawn status Lost status Damaged status Not for loan Collection Home library Current library Shelving location Date acquired Source of acquisition Cost, normal purchase price Inventory number Total Checkouts Full call number Barcode Date last seen Cost, replacement price Price effective from Koha item type
        CRC Fr. Agnel's C.Rodrigues College of Engineering Fr. Agnel's C.Rodrigues College of Engineering   17/03/2023 Pravina books 328.48 167   621.3817 ALL/AT 3011 17/03/2023 328.48 17/03/2023 Reference Book